Treo essentials /

Introduction and aid to using the "Treo 650" -- an integrated computer device that functions as a "cell phone, contact manager, email client, MP3 player, web browser, digital camera, and more."

Saved in:
Bibliographic Details
Main Author: Morrison, Michael, 1970-
Format: Book
Language:English
Published: Indianapolis, Ind. : Que, 2006.
Subjects:
Online Access:Table of contents only
LEADER 02530cam a2200385 a 4500
001 c000390006
003 CARM
005 20120514151203.0
008 120514s2006 inua f 001 0 eng d
010 |a 2004116488 
015 |a GBA562940  |2 bnb 
019 1 |a 40163314  |z 41299346  |5 LACONCORD2021 
020 |a 0789733285 (pbk.) 
035 |a (OCoLC)61679683  |5 LACONCORD2021 
040 |a ZPP  |c ZPP  |d TXA  |d LR0  |d OCoLC 
042 |a ukblsr 
050 0 0 |a QA76.8.H34  |b T17 2005 
082 0 4 |a 004.165  |2 22 
100 1 |a Morrison, Michael,  |d 1970- 
245 1 0 |a Treo essentials /  |c Michael Morrison. 
260 |a Indianapolis, Ind. :  |b Que,  |c 2006. 
300 |a xiv, 394 p. :  |b ill. ;  |c 24 cm. 
504 |a Includes index. 
500 |a "Handheld devices, all user levels." 
505 0 0 |a Machine derived contents note: PART I GETTING STARTED WITH YOUR TREO -- 1 Meet Your Treo 7 -- 2 Performing the Treo Essentials 37 -- 3 Customizing and Personalizing Your Treo 71 -- PART II MANAGING PERSONAL INFORMATION WITH YOUR TREO -- 4 Synchronizing with Your Desktop Computer 105 -- 5 Managing Treo Contacts 147 -- 6 Getting Productive with the Calendar, Tasks, and Memos 169 -- PART III STAYING CONNECTED WITH YOUR TREO -- 7 Using Your Treo as a Mobile Phone 199 -- 8 Staying in Touch with Email 221 -- 9 Communicating with Text and Multimedia Messages 249 -- 10 Browsing the Wireless Web 267 -- 11 Communicating Wirelessly with Bluetooth 281 -- PART IV YOUR TREO AS A PORTABLE ENTERTAINMENT DEVICE -- 12 Taking and Sharing Digital Pictures and Videos 305 -- 13 Listening to Digital Music 321 -- 14 Using Your Treo for Navigation and Fun 333 -- 15 Improving Your Lifestyle with Your Treo 345 -- PART V APPENDIXES -- A Upgrading to the Treo 650 359 -- B Conserving Memory on Your Treo 650 363 -- Index 367. 
520 |a Introduction and aid to using the "Treo 650" -- an integrated computer device that functions as a "cell phone, contact manager, email client, MP3 player, web browser, digital camera, and more." 
650 0 |a Handspring Treo (Computer) 
650 0 |a Mobile computing. 
650 0 |a Pocket computers. 
852 8 |b CARM  |p 0579678  |f BK 
852 8 |b SCAN  |h A3:AG22C0  |i F08258  |p 0579678  |f BK 
856 4 1 |3 Table of contents only  |u http://www.loc.gov/catdir/toc/fy0706/2004116488.html 
999 f f |i e4b0c72d-17af-5e92-b0b0-350d933792bc  |s 493df5f1-0d72-5d2b-bc0c-c62db4bf0c52 
952 f f |p Can circulate  |a CAVAL  |b CAVAL  |c CAVAL  |d CARM 1 Store  |i book  |m 0579678 
952 f f |a CAVAL  |b CAVAL  |c CAVAL  |d Unmapped Location  |e F08258  |f A3:AG22C0  |h Other scheme